| 000 | 01004nam a2200265 a 4500 | ||
|---|---|---|---|
| 001 | 000048221 | ||
| 005 | 20201002061011.0 | ||
| 008 | 181206s2015 dr r 000 0 spa d | ||
| 020 | _a9789945462845 | ||
| 040 |
_aDO-SdBNP _bspa _cBNPHU |
||
| 082 |
_a327.7307293 _bL917d, 2015 |
||
| 100 | 1 |
_aLowenthal, Abraham F. _944924 |
|
| 245 | 1 | 3 |
_aEl desatino americano / _cAbraham F. Lowenthal. |
| 250 | _a2a ed. | ||
| 260 |
_aSanto Domingo : _bBúho, _c2015. |
||
| 300 |
_a330 p. ; _c24 cm. |
||
| 490 | 1 |
_a50 Aniversario de la Gesta Patriótica de Abril 1965 _v6 |
|
| 504 | _aBibliografía : p. 305-330 | ||
| 590 | _aInventariado, 2019 / DG | ||
| 651 | 4 |
_aRepública Dominicana _xHistoria _yREVOLUCIÓN, 1965 _92167 |
|
| 651 | 4 |
_aRepública Dominicana _xRelaciones Exteriores _zEstados Unidos _96308 |
|
| 650 | 1 |
_aEstados unidos _xRelaciones exteriores _zRepública Dominicana _944925 |
|
| 830 | 0 |
_a50 Aniversario de la Gesta Patriotica de Abril de 1965 _n6 _975662 |
|
| 910 | _aValidado. Control de calidad. MFF | ||
| 999 |
_c47709 _d47709 |
||